Counterinsurgency in crisis : (Record no. 592828)

000 -LEADER
fixed length control field 01682cam a2200397 i 4500
001 - CONTROL NUMBER
control field 17670114
003 - CONTROL NUMBER IDENTIFIER
control field NUST
005 - DATE AND TIME OF LATEST TRANSACTION
control field 20221227190424.0
008 - FIXED-LENGTH DATA ELEMENTS--GENERAL INFORMATION
fixed length control field 130322s2013 nyu b 001 0 eng
010 ## - LIBRARY OF CONGRESS CONTROL NUMBER
LC control number 2013009501
020 ## - INTERNATIONAL STANDARD BOOK NUMBER
International Standard Book Number 978-0-231-16427-6
020 ## - INTERNATIONAL STANDARD BOOK NUMBER
International Standard Book Number 9780231164269 (cloth : alk. paper)
040 ## - CATALOGING SOURCE
Original cataloging agency DLC
Language of cataloging eng
Transcribing agency DLC
Description conventions rda
Modifying agency DLC
042 ## - AUTHENTICATION CODE
Authentication code pcc
043 ## - GEOGRAPHIC AREA CODE
Geographic area code e-uk---
-- a-iq---
-- a-af---
050 00 - LIBRARY OF CONGRESS CALL NUMBER
Classification number U241
Item number .U255 2013
082 00 - DEWEY DECIMAL CLASSIFICATION NUMBER
Classification number 355.02180941,UCK
Edition number 23
100 1# - MAIN ENTRY--PERSONAL NAME
Personal name Ucko, David H.
9 (RLIN) 106132
245 10 - TITLE STATEMENT
Title Counterinsurgency in crisis :
Remainder of title Britain and the challenges of modern warfare /
Statement of responsibility, etc. David H. Ucko and Robert Egnell.
264 #1 - PRODUCTION, PUBLICATION, DISTRIBUTION, MANUFACTURE, AND COPYRIGHT NOTICE
Place of production, publication, distribution, manufacture New York :
Name of producer, publisher, distributor, manufacturer Columbia University Press,
Date of production, publication, distribution, manufacture, or copyright notice [2013]
300 ## - PHYSICAL DESCRIPTION
Extent xxii, 221 pages ;
Dimensions 24 cm.
336 ## - CONTENT TYPE
Content type term text
Source rdacontent
337 ## - MEDIA TYPE
Media type term unmediated
Source rdamedia
338 ## - CARRIER TYPE
Carrier type term volume
Source rdacarrier
490 0# - SERIES STATEMENT
Series statement Columbia studies in terrorism and irregular warfare
505 0# - FORMATTED CONTENTS NOTE
Formatted contents note Untangling the British counterinsurgency legacy (Page-19),The British in Basra (Page-45), Act II: British counterinsurgency in Helmand (Page-75), "A horse and tank moment" (Page-109) Whither British counterinsurgency? (Page-145).
650 #0 - SUBJECT ADDED ENTRY--TOPICAL TERM
Topical term or geographic name entry element Counterinsurgency
Geographic subdivision Great Britain.
9 (RLIN) 106133
650 #0 - SUBJECT ADDED ENTRY--TOPICAL TERM
Topical term or geographic name entry element Counterinsurgency
Geographic subdivision Iraq
-- Basra.
9 (RLIN) 106134
650 #0 - SUBJECT ADDED ENTRY--TOPICAL TERM
Topical term or geographic name entry element Counterinsurgency
Geographic subdivision Afghanistan
-- Helmand.
9 (RLIN) 106135
650 #0 - SUBJECT ADDED ENTRY--TOPICAL TERM
Topical term or geographic name entry element Iraq War, 2003-2011
General subdivision Participation, British.
9 (RLIN) 106136
650 #0 - SUBJECT ADDED ENTRY--TOPICAL TERM
Topical term or geographic name entry element Afghan War, 2001-
General subdivision Participation, British.
9 (RLIN) 106137
651 #0 - SUBJECT ADDED ENTRY--GEOGRAPHIC NAME
Geographic name Great Britain
General subdivision History, Military
Chronological subdivision 21st century.
9 (RLIN) 106138
700 1# - ADDED ENTRY--PERSONAL NAME
Personal name Egnell, Robert.
9 (RLIN) 106139
906 ## - LOCAL DATA ELEMENT F, LDF (RLIN)
a 7
b cbc
c orignew
d 1
e ecip
f 20
g y-gencatlg
942 ## - ADDED ENTRY ELEMENTS (KOHA)
Source of classification or shelving scheme
Koha item type Book
Call number prefix 355.02180941,UCK
Holdings
Withdrawn status Lost status Source of classification or shelving scheme Damaged status Not for loan Permanent Location Current Location Shelving location Date acquired Total Checkouts Full call number Barcode Date last seen Price effective from Koha item type Public note
          Military College of Signals (MCS) Military College of Signals (MCS) General Stacks 12/27/2022   355.02180941,UCK MCS37547 12/27/2022 12/27/2022 Book Almirah No.52, Shelf No.4
© 2023 Central Library, National University of Sciences and Technology. All Rights Reserved.